Real Valladolid CF Squad 2012-2013 - Statistics

General Stats
  • This quiz has been taken 9 times
  • The average score is 15 of 22
Answer Stats
# Position Nation Player % Correct
10 MF Spain Óscar González
100%
15 FW Spain Alberto Bueno
80%
2 DF Serbia Antonio Rukavina
80%
17 DF Spain Carlos Peña
80%
11 FW Sweden Daniel Larsson
80%
13 GK Venezuela Dani Hernández
80%
1 GK Spain Jaime Jiménez
80%
25 FW Angola Manucho
80%
- Coach Serbia Miroslav Đukić
80%
20 FW Germany Patrick Ebert
80%
22 MF Spain Víctor Pérez
80%
18 MF Spain Álvaro Rubio
60%
5 DF Portugal Henrique Sereno
60%
8 MF Spain Javier Baraja
60%
9 FW Spain Javi Guerra
60%
6 DF Spain Jesús Rueda
60%
7 MF Argentina Juan Neira
60%
16 MF Spain Lluis Sastre
60%
4 DF Spain Marc Valiente
60%
14 MF Spain Omar Ramos
60%
23 FW Albania Valdet Rama
60%
24 DF Spain Mikel Balenziaga
40%
No matching quizzes found
Score Distribution
Percent of People with Each Score
Percentile by Number Answered
Your Score History
You have not taken this quiz